Dotácie do poľnohospodárstva v Európskej únii a názory študentov ekonomických fakúlt na dohodnuté podmienky

Analýza aktuálnych názorov študentov ekonomických fakúlt na dohodnuté podmienky na dotácie do poľnohospodárstva. Závislosť týchto názorov od pohlavia a veľkosti domácností meranej počtom členov na hladine významnosti = 0,1. Výskum sa uskutočnil v roku 2003 na vzorke 228 respondentov a v roku 2004 na...

Ausführliche Beschreibung

Gespeichert in:
Bibliographische Detailangaben
1. Verfasser: Čarnický, Štefan
Weitere Verfasser: Sudzina, František, Andrejovský, Pavol, 1975-
Format: Buchkapitel
Sprache:Slowakisch
Schlagworte:
Tags: Tag hinzufügen
Keine Tags, Fügen Sie das erste Tag hinzu!

MARC

LEADER 00000naa$a2200000$$$4500
001 0026160
005 20240502071424.7
041 0 |a slo 
044 |a SK 
245 1 0 |a Dotácie do poľnohospodárstva v Európskej únii a názory študentov ekonomických fakúlt na dohodnuté podmienky  |c Štefan Čarnický, František Sudzina, Pavol Andrejovský 
520 |a Analýza aktuálnych názorov študentov ekonomických fakúlt na dohodnuté podmienky na dotácie do poľnohospodárstva. Závislosť týchto názorov od pohlavia a veľkosti domácností meranej počtom členov na hladine významnosti = 0,1. Výskum sa uskutočnil v roku 2003 na vzorke 228 respondentov a v roku 2004 na vzorke 386 respondentov, pričom išlo o náhodný skupinový výber. 
610 2 0 |a Európska únia 
610 2 0 |a dotácie 
610 2 0 |a výskum štatistický 
610 2 0 |a študenti 
610 2 0 |a školy vysoké 
610 2 0 |a ekonómia 
610 2 0 |a rozpočet spoločný 
100 1 |a Čarnický, Štefan 
700 1 |a Sudzina, František 
700 1 |a Andrejovský, Pavol, 1975-